Героичното приключение на Фин (Запис номер 381482)
[ съкратено ]
| 000 -Лидер | |
|---|---|
| Контролно поле с фиксирана дължина | 00962nam a2200265 a 4500 |
| 003 - Код на организацията, давaща контролен номер | |
| Контролно поле | BLK |
| 005 - Дата и час на последна редакция | |
| Контролно поле | 20231011171916.0 |
| 008 - Елементи от данни с фиксирана дължина | |
| fixed length control field | 200811b bu |||||r|||| 00| | bu d |
| 020 ## - Международен стандартен номер на книга ISBN | |
| Международен стандартен номер на книга ISBN | 9786191931446 |
| 040 ## - Източник на каталожния запис | |
| Идентификатор на билиотеката - собственик на записа | BLK |
| 041 ## - Код за език | |
| Код за езика на текст/звукозапис или на отделно заглавие | Български |
| Код за езика КДБФ | Български |
| 080 ## - УДК | |
| Текстов определител УДК | Издания за деца и юноши. Книжки-картинки. Читанки. Вж и 372.4 |
| УДК код - определител по УДК | 087.5 |
| УДК - код + определител | 087.5 |
| 139 ## - Редно поле | |
| Редна дума | Героичното приключение на Фин |
| Авторски знак | Геро - Г 41 |
| 245 ## - Сведения за заглавието | |
| Заглавие | Героичното приключение на Фин |
| 257 ## - Страна на издаване | |
| Страна на създаване/издаване | Съединени американски щати |
| 260 ## - Област на издателските данни | |
| 9 (RLIN) | 216189 |
| Място на издаване, разпространение и проч. | София |
| Име на издателя, разпространителя и проч. | Студио Арт Лайн |
| Година на издаване | 2019 |
| Информация за издателството | Артлайн Студиос |
| Издателство - префикс ISBN | 978-954-2908- ; 978-954-92533- |
| 300 ## - Физическа характеристика | |
| Страници | 40 с. |
| Размери/Мащаб | 29 см |
| Илюстрации и др. | с ил. |
| 380 ## - Жанр | |
| Жанр | Общ отдел |
| 490 ## - СЕРИИ (Колекции) | |
| 9 (RLIN) | 433401 |
| Име на серия | Adventure Time |
| 500 ## - Общи забележки | |
| Забележка | Изд. на Cartoon Network. |
| 999 ## - СИСТЕМНИ КОНТРОЛНИ НОМЕРА | |
| Koha biblionumber | 381482 |
| Koha biblioitemnumber | 381482 |
| 942 ## - АРТИКУЛИ | |
| Вид на библиотечния материал | Книги |
| Скрит в OPAC | Не |
| Периодичен библиозапис | Да |
| Koha issues (borrowed), all copies | 18 |
| 944 ## - СЪЗДАВАНЕ И РЕДАКЦИЯ на ЗАПИСА | |
| Дата на регистрацията/редакция | 2020-08-11 |
| Служител, извършил регистрацията/редакцията | 30537 |
| Статус, дата на статуса | Грета Цуфелде |
| 999 ## - СИСТЕМНИ КОНТРОЛНИ НОМЕРА | |
| Koha biblioitemnumber | 381482 |
| 999 ## - СИСТЕМНИ КОНТРОЛНИ НОМЕРА | |
| Koha biblioitemnumber | 381482 |
| Код за отписване | Код за изгубен артикул | Източник на класификационната схема | Код за повреда | Код за отдаване | Артикулен № | Име на библиотеката - собственик | Име на библиотеката, в която се намира в момента | Статус (Текущо местоположение) | Дата на вписване в системата | Местоположение - отдел | Цена в лева | Систематично азбучна сигнатура | Баркод | Цена в евро | Служебен тип на артикула |
|---|---|---|---|---|---|---|---|---|---|---|---|---|---|---|---|
| Не е изгубен | Universal Decimal Classification | Не е повреден | заемане за дома | 799687 | Регионална библиотека "Любен Каравелов" Русе | Регионална библиотека "Любен Каравелов" Русе | Детски отдел | 2020-09-18 | Детски отдел | 6.59 | 0/Г 41 | 120000847091 | 3.37 | Книги | |
| Не е изгубен | Universal Decimal Classification | Не е повреден | заемане за дома | 799688 | Регионална библиотека "Любен Каравелов" Русе | Регионална библиотека "Любен Каравелов" Русе | Детски отдел | 2020-09-18 | Детски отдел | 6.59 | 0/Г 41 | 120000847089 | 3.37 | Книги | |
| Изтеглен | Не е изгубен | Universal Decimal Classification | Не е повреден | заемане за дома | 799689 | Регионална библиотека "Любен Каравелов" Русе | Регионална библиотека "Любен Каравелов" Русе | Детски отдел | 2020-09-18 | Детски отдел | 6.59 | 0/Г 41 | 120000847090 | 3.37 | Книги |